The Design Book /

Enregistré dans:
Détails bibliographiques
Autres auteurs: Terragni, Emilia (Éditeur intellectuel)
Format: Livre
Langue:anglais
Publié: Londyn : Phaidon Press, 2013
Édition:1. vyd.
Sujets:
Tags: Ajouter un tag
Pas de tags, Soyez le premier à ajouter un tag!

MARC

LEADER 00000nam a22000003a 4500
001 0022650
003 SK-STU
005 20170317100243.9
007 ta
008 170316s ----xo-----e------000-0-----d
020 |a 978-0-7148-6579-9 
040 |a STU  |b slo 
041 0 |a eng  |h eng 
044 |a xxk 
100 1 |a Terragni, Emilia  |4 edt  |r Z6 
245 1 0 |a The Design Book /  |c ed. Emilia Terragni 
250 |a 1. vyd. 
260 |a Londyn :  |b Phaidon Press,  |c 2013 
300 |a 511 s. 
650 0 7 |a dizajn výrobkov 
650 0 7 |a nábytkový a interiérový dizajn 
996 |b 284AU06948  |c A* 10083/U  |l AAKNST  |s P  |a 0  |w 0022650_0001